000 00445nam a2200157 i 4500
001 94767
003 ES-MaACL
005 20230906181542.0
007 t|
008 050516s1917 xxk ||||1| eng d
100 1 _aLowell, A. Lawrence.
_974378
245 1 0 _aGovernments and Parties in Continental Europe /
_cA. Lawrence Lowell.
260 _aLondon :
_bLogmaus Green and Co,
_c1917.
300 _a2 v. ;
_c22 cm.
852 _aES-MaACL
_jD-4106-7
999 _c94767
_d94767